Word Ladder: An Alien's Request Quiz Stats

 Plays Quiz Updated Oct 27, 2017

Challenge
Share
Tweet
Embed
Score 0/24 Timer 03:00
1 Play Today
Clue 3-Letter Word % Correct
πŸŒ• Consume food πŸŒ•EAT
99.5%
πŸŒ• Golf ball holder πŸŒ•TEE
96.6%
Admission chargeFEE
96.2%
πŸŒ• Rival πŸŒ•FOE
95.6%
SprintRUN
93.8%
πŸŒ• Gardening tool πŸŒ•HOE
93.6%
One of five on footTOE
93.6%
To be in debtOWE
93.4%
πŸŒ• Possess πŸŒ•OWN
93.2%
Question wordHOW
92.1%
Feeling of wondermentAWE
90.6%
Interjection of surpriseWOW
90.6%
Clue 3-Letter Word % Correct
Court a mateWOO
88.7%
Eggs inside fishROE
88.4%
Question wordWHO
88.2%
Wordplay jokePUN
86.3%
Howard, Wood, or PaulRON
85.9%
With 'bo' martial arts movementsTAE
83%
Tie knots to make laceTAT
82.5%
Internet-speak for dominatePWN
80.4%
3rd person plural of 'be'ARE
79.6%
Green Day drummer CoolTRÉ
73.9%
πŸŒ• Unit of electrical resistance πŸŒ•OHM
67.3%
Interjection of surpriseOHO
63.7%

Today's Daily Dose

Word Ladder
Homophones Ate

Quick Pick
RGB Colors

On This Day
August 18th II

You're not logged in!

Compare scores with friends on all Sporcle quizzes.
Join for Free
OR
Log In

You Might Also Like...

Show Comments

Extras

Top Quizzes Today


Score Distribution

Your Account Isn't Verified!

In order to create a playlist on Sporcle, you need to verify the email address you used during registration. Go to your Sporcle Settings to finish the process.

Report this User

Report this user for behavior that violates our Community Guidelines.

Details: